000 00444nam a2200169Ia 4500
008 221030s9999 xx 000 0 und d
020 _a8173194203
041 _aEnglish
082 _a105.23
_bJai
100 _aR. K. Jain
245 0 _aAdvanced Engineering Mathematics
_cby R. K. Jain, S. R. K. Iyenagar
260 _bNarosa Pub.
_aNew Delhi
_c2002
300 _a985
650 _aBB Mathematics
700 _aS. R. K. Iyenagar
942 _cBK
999 _c1154
_d1154